| 000 | 01412nam a2200325 a 4500 | ||
|---|---|---|---|
| 001 | BRCA_2979 | ||
| 005 | 20190320204044.0 | ||
| 008 | 221208s1937----gw-a---###---#000-0#ger-u | ||
| 041 | _ager | ||
| 044 | _agw | ||
| 084 |
_a303 _b.H46 _c1937 |
||
| 100 | 1 |
_aCervantes Saavedra, Miguel de _d1547-1616 _9213 |
|
| 245 | 1 | 0 |
_aDer Sinnreiche Junker Don Quijote von der Mancha _cvon Miguel de Cervantes Saavedra. |
| 260 |
_aMeersburg am Bodensee (Alemania) _bJ. W. Hendel _c1937 |
||
| 300 |
_a2 v. _bil. _c27 cm. |
||
| 500 | _aContenido : v 1. Primera parte. Dedicatoria del autor. Prólogo del autor. Versos preliminares. Texto. -- v 2. Segunda parte. Dedicatoria del autor. Prólogo del autor. Texto | ||
| 500 | _aEdición : Deutsch von Edmund Zoller. Mit Bildern von Tony Johannot | ||
| 500 | _aNueva edición de la traducción de Ed. Zoller. Tela; lomeras decoradas con filetes dorados Lúdovik Osterc | ||
| 500 | _aQM1533A | ||
| 546 | _aTexto en : alemán | ||
| 650 | 1 | 4 |
_aNovela española _yÉpoca clásica, 1500-1700 _9215 |
| 650 | 1 | 4 |
_aLiteratura española _yÉpoca clásica, 1500-1700 _9216 |
| 650 | 1 | 4 |
_aNovela española _ySiglo XVII _9217 |
| 650 | 1 | 4 |
_aDon Quijote (Personaje ficticio) _eNovela _9218 |
| 700 | 1 |
_aZoller, Edmund _eTraductor _98257 |
|
| 700 | 1 |
_aJohannot, Tony _d1803-1852 _eIlustrador _98258 |
|
| 740 | 0 | _aEl Ingenioso Hidalgo Don Quijote de la Mancha | |
| 902 | _aQFM | ||
| 942 |
_2lcc _cB |
||
| 999 |
_c2718 _d2718 |
||